| 000 | 00608cam a2200181 4500500 | ||
|---|---|---|---|
| 005 | 20260111080404.0 | ||
| 041 | _afre | ||
| 042 | _adc | ||
| 100 | 1 | 0 |
_aMordacq, Frank _eauthor |
| 245 | 0 | 0 | _aLe centenaire de la direction du budget (1919-2019) |
| 260 | _c2019. | ||
| 500 | _a5 | ||
| 690 | _acentenaire de la DB | ||
| 690 | _adirection du budget | ||
| 690 | _aministère des finances | ||
| 786 | 0 | _nGestion & Finances Publiques | 6 | 6 | 2019-12-18 | p. 67-75 | 1969-1009 | |
| 856 | 4 | 1 | _uhttps://droit.cairn.info/revue-gestion-et-finances-publiques-2019-6-page-67?lang=fr&redirect-ssocas=7080 |
| 999 |
_c1616231 _d1616231 |
||